|
|
|
|
| LEADER |
00836nam a2200217 a 4500 |
| 001 |
010661547 |
| 008 |
090727r19991969enk 000 1 eng d |
| 020 |
|
|
|a 0099282585 (pbk.) :
|c £6.99
|
| 040 |
|
|
|a StDuBD
|d Uk
|
| 082 |
0 |
4 |
|a 823.912
|2 21
|
| 100 |
1 |
|
|a Greene,Graham,
|d 1904-1991
|
| 245 |
1 |
0 |
|a Travels with my aunt /
|c Graham Greene.
|
| 260 |
|
|
|a London :
|b Vintage,
|c 1999
|
| 300 |
|
|
|a 264 p. ;
|c 20 cm.
|
| 490 |
0 |
|
|a Vintage classics
|
| 500 |
|
|
|a Originally published: London : Bodley Head, 1969.
|
| 541 |
1 |
|
|e 00015895
|
| 650 |
0 |
|
|a Alienation (Social psychology)
|x Fiction.
|
| 852 |
4 |
|
|a Ayesha Abed Library
|j General Shelf.
|
| 999 |
|
|
|c 3013
|d 3013
|
| 952 |
|
|
|0 0
|1 0
|2 ddc
|4 0
|6 823_912000000000000_GRE_1999
|7 0
|9 2728
|a BRACUL
|b BRACUL
|c GEN
|d 2009-08-18
|g 450.00
|l 10
|m 48
|o 823.912 GRE
|p 3010015895
|r 2024-01-22
|s 2023-09-25
|t 1
|v 900.00
|w 2009-08-18
|y BK
|